Estudio de un plan de implementación de un programa de administración de proyectos en una empresa constructora
Saved in:
| Main Author: | |
|---|---|
| Other Authors: | |
| Format: | Book |
| Language: | Spanish |
| Published: |
[San José ], Costa Rica
2019
|
| Subjects: | |
| Tags: |
Add Tag
No Tags, Be the first to tag this record!
|
MARC
| LEADER | 00000nam a22000007a 4500 | ||
|---|---|---|---|
| 003 | 013081 | ||
| 005 | 20230426092257.0 | ||
| 008 | 190711b2019 c a|||| ||m| 00| ||spa d | ||
| 040 | |c cru CEDI | ||
| 100 | |9 425 |a Garita Vives, Arturo José, 1991- | ||
| 245 | |a Estudio de un plan de implementación de un programa de administración de proyectos en una empresa constructora | ||
| 260 | |a [San José ], Costa Rica |c 2019 | ||
| 500 | |a Proyecto de graduación (licenciatura en ingeniería civil)--Universidad de Costa Rica. Facultad de Ingeniería. Escuela de Ingeniería Civil. | ||
| 501 | |a Director de Proyecto de Graduación: Ing. Erick Mata Abdelnour, PhD. | ||
| 650 | |x PROYECTOS DE CONSTRUCCION - PLANIFICACION - PROGRAMAS PARA COMPUTADORA |x INDUSTRIA DE LA CONSTRUCCION - TECNOLOGIA DE LA INFORMACION |x ADMINISTRACION DE PROYECTOS - PROGRAMAS PARA COMPUTADORA - EVALUACION | ||
| 700 | |9 227 |a Mata Abdelnour, Erick, 1973- |d Director del TFG | ||
| 942 | |c CEDI |h TFG 8231 |6 TFG_8231_000000000000000 | ||
| 999 | |c 21743 |d 21743 | ||
